000 00475nam a22001817a 4500
005 20250903104115.0
008 250903b |||||||| |||| 00| 0 eng d
037 _cTB
040 _aCRL
_cCRL
041 _2eng
_aeng
084 _qCRL
100 _aWilliam Shakespeare
_9153805
245 _aTwelfth Night, or What You Will
260 _aLondon, UK:
_bPenguin,
_c1949.
300 _a126p.
942 _2CC
_cTB
_n0
999 _c1435087
_d1435087